Very high energy cosmic gamma radiation : A crucial window on the extreme universe

Salvato in:
Dettagli Bibliografici
Autore principale:  Aharonian, Felix A
Natura: Sách
Lingua:Undetermined
Pubblicazione:  World Scientific  2004
Soggetti:
Tags: Aggiungi Tag
Nessun Tag, puoi essere il primo ad aggiungerne! !
Thư viện lưu trữ: Trung tâm Thư viện - Trường Đại học Công nghiệp TP. Hồ Chí Minh
LEADER 00557nam a2200157Ia 4500
001 UIH_07729
008 231011s9999 xx 000 0 und d
082 |a  522.6862 
100 |a  Aharonian, Felix A 
245 0 |a  Very high energy cosmic gamma radiation : A crucial window on the extreme universe 
245 0 |c  Aharonian, Felix A 
260 |b  World Scientific 
260 |c  2004 
650 |a  Thiên văn học; Bức xạ gamma;  
927 |a Sách 
980 |a Trung tâm Thư viện - Trường Đại học Công nghiệp TP. Hồ Chí Minh